| 000 | 00869nam a22002177a 4500 | ||
|---|---|---|---|
| 005 | 20240321113618.0 | ||
| 010 | _aB-756109-117 ENG-139857 | ||
| 020 |
_a9789354272158 _c350.00 |
||
| 035 | _aB-756109-117 | ||
| 035 | _aEN-123389 | ||
| 037 | _bM.K. Raina Ratnakar | ||
| 082 | _a649.1 | ||
| 100 |
_aRatnakar, M. K. Raina _963744 |
||
| 245 |
_aAn Intelligent Parent's/ Teacher's Guide To Success And Achievement Of The Child: _bA step by step plan to attain top performance in children/ _cM. K. Raina Ratnakar |
||
| 250 | _a2021 | ||
| 260 |
_bBluerose Publishers _c2021 |
||
| 270 |
_k8882898898 _minfo@bluerosepublishers.com |
||
| 300 |
_a265p. _c22cm (pbk) |
||
| 942 |
_2ddc _cEN _h649.1 _mRAT |
||
| 999 |
_c199542 _d199542 |
||